000 00744nam a2200133Ia 4500
008 171212s9999 xx 000 0 und d
020 _a9781925021684
100 _aWorboys, Graeme L;Lockwood, Michael;Kothari, Ashish;Feary, Sue;Pulsford, Ian
245 _cWorboys, Graeme L;Lockwood, Michael;Kothari, Ashish;Feary, Sue;Pulsford, Ian
_aProtected Area Governance and Management
260 _bANU E Press
_c2015
650 _aBiological Sciences
650 _aProtected areas -- Management -- Handbooks, manuals, etc.; Conservation of natural resources -- Handbooks, manuals, etc.; Natural resource management areas -- Handbooks, manuals, etc.; Nature conservation -- Handbooks, manuals, etc.
856 _uhttp://www.jstor.org/stable/j.ctt1657v5d
999 _c351276
_d351276